| 000 | 00360nam a2200133Ia 4500 | ||
|---|---|---|---|
| 008 | 250506s9999 xx 000 0 und d | ||
| 024 | _a02B-BCS-08 | ||
| 082 | _a005.3378101072 SHA | ||
| 100 | _aShafaq Nazir | ||
| 245 | 0 | _aSchool Management System | |
| 260 |
_aKarachi: _bUIT, _c2002 |
||
| 600 | _aComputer Science | ||
| 650 | _aBachelor of Computer Science (BS) | ||
| 999 |
_c27338 _d27338 |
||